Analýza nezamestnanosti mladých prostredníctvom vybraných štatistických metód diplomová práca

Gespeichert in:
Bibliographische Detailangaben
1. Verfasser: Čechová, Katarína
Körperschaft: Podnikovohospodárska fakulta EU so sídlom v Košiciach. Katedra kvantitatívnych metód
Weitere Verfasser: Bosáková, Lucia
Format: Buch
Sprache:Slowakisch
Veröffentlicht: Košice 2016
Tags: Tag hinzufügen
Keine Tags, Fügen Sie das erste Tag hinzu!

MARC

LEADER 00000nbm a2200000 4500
001 0217502
005 20161213110314.5
041 0 |a slo 
044 |a SK 
245 1 0 |a Analýza nezamestnanosti mladých prostredníctvom vybraných štatistických metód  |b diplomová práca  |c Katarína Čechová ; školiteľ: Lucia Bosáková 
264 1 |a Košice  |c 2016 
300 |a 65 s. 
100 1 |a Čechová, Katarína 
700 1 |a Bosáková, Lucia 
710 2 |a Podnikovohospodárska fakulta EU so sídlom v Košiciach. Katedra kvantitatívnych metód